Océano uno: diccionario enciclopédico
Guardat en:
| Format: | Llibre |
|---|---|
| Idioma: | espanyol |
| Publicat: |
Barcelona
Océano
1998
|
| Matèries: | |
| Etiquetes: |
Afegir etiqueta
Sense etiquetes, Sigues el primer a etiquetar aquest registre!
|
MARC
| LEADER | 00000nam a2200000 a 4500 | ||
|---|---|---|---|
| 001 | UCH5410 | ||
| 003 | CL-VaPUC | ||
| 008 | 091014e19980000SP |||||||||||||||||spa|d | ||
| 082 | 0 | 4 | |a 463 |b OCE |2 21 |
| 245 | 1 | 0 | |a Océano uno: diccionario enciclopédico |
| 300 | |a 1848 p | ||
| 942 | |c BK | ||
| 945 | |d 20091014 00:00:00 |a lazolas | ||
| 260 | |a Barcelona |b Océano |c 1998 | ||
| 650 | 7 | |a ESPAÑOL DICCIONARIOS |2 CL-VaPUC |9 260592 | |
| 650 | 7 | |a ENCICLOPEDIAS Y DICCIONARIOS |2 CL-VaPUC |9 326599 | |
| 583 | |a last modification |c 20091014 00:00:00 |k Rodrigo Vera | ||
| 999 | |c 336553 |d 336551 | ||